| 000 | 02117nam0a2200373 4500 | ||
|---|---|---|---|
| 001 | RU\NLR\BIBL_A\022785830 | ||
| 005 | 20260517044149.0 | ||
| 010 |
_a978-5-88689-187-4 _9500 |
||
| 035 | _a(NLR Aleph) 022785830 | ||
| 090 |
_a13707127 _c13707127 |
||
| 100 | _a20260415d2025 u y0rusy50 ca | ||
| 101 | 0 | _arus | |
| 102 | _aRU | ||
| 105 | _aac z 000yb | ||
| 181 | 0 |
_ai3 _baxxe |
|
| 181 | 0 |
_ab2 _bxb2e |
|
| 182 | 0 | _an | |
| 200 | 1 |
_a"Поищем в жизни роль свою…" Анатолий Шведерский _eразмышления о профессии, письма, воспоминания учеников и коллег _e[сборник материалов] _fРоссийский государственный институт сценических искусств _gсоставители: В. М. Фильштинский [и др.] |
|
| 203 |
_aТекст _aИзображение _bвизуальные _cнепосредственные |
||
| 210 |
_aСанкт-Петербург _cИзд-во Российского государственного института сценических искусств _d2025 |
||
| 215 |
_a249, [1] с., [8] л. ил., цв. ил., портр. _d22 |
||
| 320 | _aБиблиогр. в тексте примеч.: с. 225-250 | ||
| 600 | 1 |
_aШведерский _bА. С. _f1924 - 2008 _gАнатолий Самойлович _jДокументы и материалы _92708120 _3RU\NLR\AUTH\6601770223 |
|
| 686 | 1 | _aЩ334.3(2Р=Рус)7-86Шведерский | |
| 686 | 1 | _aЧ489.783.4(2Р-2СПб)7-8Шведерский | |
| 702 | 1 |
_aШведерский _bА. С. _gАнатолий Самойлович _4280 |
|
| 702 | 1 |
_aФильштинский _bВ. М. _f1937- _gВениамин Михайлович _4220 |
|
| 712 | 0 | 2 |
_4475 _aРоссийский государственный институт сценических искусств _cСанкт-Петербург _9515991 _3RU\NLR\AUTH\880425719 |
| 942 | _cBOOK | ||
| 980 | _aNB | ||